UBT Library

El Greco of Toledo / (Record no. 45053)

000 -LEADER
fixed length control field 00748cam a2200229 a 4500
001 - CONTROL NUMBER
control field 3749907
005 - DATE AND TIME OF LATEST TRANSACTION
control field 20180314100931.0
008 - FIXED-LENGTH DATA ELEMENTS--GENERAL INFORMATION
fixed length control field 820212s1982 maua bc 001 0 eng
010 ## - LIBRARY OF CONGRESS CONTROL NUMBER
LC control number 82002310
020 ## - INTERNATIONAL STANDARD BOOK NUMBER
International Standard Book Number 0821215019 :
Terms of availability $32.50
020 ## - INTERNATIONAL STANDARD BOOK NUMBER
International Standard Book Number 082121506X (pbk.)
040 ## - CATALOGING SOURCE
Original cataloging agency DLC
Transcribing agency DLC
Modifying agency DLC
041 ## - LANGUAGE CODE
Language code of text/sound track or separate title eng
080 ## - UNIVERSAL DECIMAL CLASSIFICATION NUMBER
Universal Decimal Classification number 759.6 GRE
082 00 - DEWEY DECIMAL CLASSIFICATION NUMBER
Classification number 759.6 GRE
Edition number 19
100 0# - Rafti
Rafti 44
101 ## - Shkurtesa
Shkurtesa ART
245 13 - TITLE STATEMENT
Title El Greco of Toledo /
Statement of responsibility, etc exhibition ... organized by the Toledo Museum of Art, with Museo del Prado, National Gallery of Art, Dallas Museum of Fine Arts ; contributions by Jonathan Brown ... [et al.].
504 ## - BIBLIOGRAPHY, ETC. NOTE
Bibliography, etc Includes bibliographies and index.
906 ## - LOCAL DATA ELEMENT F, LDF (RLIN)
a 7
b cbc
c orignew
d 1
e ocip
f 19
g y-gencatlg
942 ## - ADDED ENTRY ELEMENTS (KOHA)
Source of classification or shelving scheme
Item type Books
Holdings
Withdrawn status Lost status Source of classification or shelving scheme Damaged status Not for loan Collection code Permanent location Current location Shelving location Date acquired Total Checkouts Full call number Barcode Date last seen Price effective from Koha item type
          Koleksioni i përgjithshem UBT - Lipjan UBT - Lipjan Koleksioni i përgjithshem 03/14/2018   759.6 GRE 002-3001703 03/14/2018 03/14/2018 Books
UBT Library © 2015-2024. All rights reserved University Education for Business and Technology